000
00276nam a22000977a 4500
999
_c
9028
_d
9028
008
180122b ||||| |||| 00| 0 eng d
020
_a
9798178502631
100
_9
5322
_a
ALI.A ET AL
245
_a
I.T EXPERT WINDOWS-I ,II,III,IV,V,VI,VII,VIII
260
_a
NEW DELHI
_b
MILE STONE
_c
2015